000 00728nam a2200253Ia 4500
003 OSt
005 20220930082357.0
006 a|||||r|||| 00| 0
007 ta
008 220926b |||||||| |||| 00| 0 eng d
024 _a29,976
037 _cTheses
040 _aCRL
_cCRL
_beng
041 _2eng
_aeng
100 _aUsha
110 _aUniversity of Delhi. Faculty of Arts. Department of Sanskrit
245 0 _aStudy of Sanskrit dramas of the twentieth century
260 _c1965
650 _aSANSKRIT
700 _a Dr Satya Vrat Supervisor
_9531221
700 _aUniversity of Delhi. Faculty of Arts. Department of Sanskrit
942 _cDIS
_2CC
999 _c873009
_d873009